00455nam a2200193Ia 4500008004100000020001800041245002700059245002700086260001500113260001600128260000900144300001600153300002000169300001000189440002800199440000700227500000800234999001900242170705s9999 xx 000 0 und d a9780439560528 4aThe fishy field trip / cby Martin Schwabacher. aNew York : bScholastic, c2004 a103 pages : billustrations ; c19cm. aThe magic school bus ;  v18 a700 c337196d337196